The school to prison pipeline : the role of culture and discipline in school /

Bibliographic Details
Other Authors: Okilwa, Nathern S., (Editor), Khalifa, Muhammad, (Editor), Briscode, Felicia M., (Editor)
Format: eBook
Language:English
Published: Bingley, England : Emerald Publishing, 2017.
Series:Advances in race and ethnicity in education ; Volume 4.
Subjects:
Online Access:Click to View
LEADER 02242nam a2200493 i 4500
001 EBC4769098
003 MiAaPQ
005 20200520144314.0
006 m o d |
007 cr cnu||||||||
008 170313t20172017enka ob 001 0 eng d
020 |z 9781785601293 
020 |z 9781785601286 (Online) 
020 |z 9781787143425 (Epub) 
035 |a (MiAaPQ)EBC4769098 
035 |a (Au-PeEL)EBL4769098 
035 |a (CaPaEBR)ebr11351514 
035 |a (CaONFJC)MIL1021003 
035 |a (OCoLC)973932820 
040 |a MiAaPQ  |b eng  |e rda  |e pn  |c MiAaPQ  |d MiAaPQ 
050 4 |a HV9069  |b .S366 2017 
082 0 |a 364.36  |2 23 
245 0 4 |a The school to prison pipeline :  |b the role of culture and discipline in school /  |c edited by Nathern S. Okilwa, Muhammad Khalifa, Felicia M. Briscode. 
264 1 |a Bingley, England :  |b Emerald Publishing,  |c 2017. 
264 4 |c 2017 
300 |a 1 online resource (227 pages) :  |b illustrations, tables. 
336 |a text  |2 rdacontent 
337 |a computer  |2 rdamedia 
338 |a online resource  |2 rdacarrier 
490 1 |a Advances in Race and Ethnicity in Education ;  |v Volume 4 
504 |a Includes bibliographical references at the end of each chapters and index. 
588 |a Description based on online resource; title from PDF title page (ebrary, viewed March 10, 2017). 
590 |a Electronic reproduction. Ann Arbor, MI : ProQuest, 2016. Available via World Wide Web. Access may be limited to ProQuest affiliated libraries. 
650 0 |a Juvenile justice, Administration of. 
650 0 |a Juvenile delinquency  |x Prevention. 
650 0 |a Problem youth  |x Education. 
655 4 |a Electronic books. 
700 1 |a Okilwa, Nathern S.,  |e editor. 
700 1 |a Khalifa, Muhammad,  |e editor. 
700 1 |a Briscode, Felicia M.,  |e editor. 
776 0 8 |i Print version:  |t School to prison pipeline : the role of culture and discipline in school.  |d Bingley, England : Emerald Publishing, c2017   |h xi, 215 pages   |k Advances in race and ethnicity in education ; Volume 4.  |z 9781785601293 
797 2 |a ProQuest (Firm) 
830 0 |a Advances in race and ethnicity in education ;  |v Volume 4. 
856 4 0 |u https://ebookcentral.proquest.com/lib/matrademy/detail.action?docID=4769098  |z Click to View